Федеральные номативные документы и методические рекомендации по организации офтальмологической помощи взрослому населению. Ч. 2: Диспансеризация и профилактические медицинские осмотры (Запись № 9717914)

Подробности
000 -МАРКЕР
контрольное поле 02331nam2a2200289 4500
001 - ИДЕНТИФИКАТОР ЗАПИСИ
контрольное поле RU\NLR\BIBL_A\010699830
005 - ИДЕНТИФИКАТОР ВЕРСИИ
контрольное поле 20250614085732.0
010 ## - МЕЖДУНАРОДНЫЙ СТАНДАРТНЫЙ НОМЕР КНИГИ (ISBN)
Номер (ISBN) 978-5-9905555-2-5
021 ## - НОМЕР ГОСУДАРСТВЕННОЙ РЕГИСТРАЦИИ
Код страны российская федерация
Номер 2015-3905
Номер Листа государственной регистраци 237
035 ## - ДРУГИЕ СИСТЕМНЫЕ НОМЕРА
Идентификатор записи (NLR Aleph) 010699830
100 ## - ДАННЫЕ ОБЩЕЙ ОБРАБОТКИ
Данные общей обработки 20150313d2015 |||y0rusy50 ca
101 0# - ЯЗЫК РЕСУРСА
Язык текста, звукозаписи и т.д. русский
102 ## - СТРАНА ПУБЛИКАЦИИ ИЛИ ПРОИЗВОДСТВА
Страна публикации российская федерация
105 ## - ПОЛЕ КОДИРОВАННЫХ ДАННЫХ: ТЕКСТОВЫЕ МАТЕРИАЛЫ, МОНОГРАФИЧЕСКИЕ
Кодированные данные о монографическом текстовом документе y z 000yy
200 1# - ЗАГЛАВИЕ И СВЕДЕНИЯ ОБ ОТВЕТСТВЕННОСТИ
Основное заглавие Диспансеризация и профилактические медицинские осмотры
210 ## - ПУБЛИКАЦИЯ, РАСПРОСТРАНЕНИЕ И ДР.
Дата издания, распространения и т.д. 2015
Место издания, распространения и т.д. Б. м.
215 ## - ФИЗИЧЕСКАЯ ХАРАКТЕРИСТИКА
Специфическое обозначение материала и объем 62, [1] с.
320 ## - ПРИМЕЧАНИЯ О НАЛИЧИИ В ДОКУМЕНТЕ БИБЛИОГРАФИИ / УКАЗАТЕЛЯ
Текст примечания Библиогр. в конце кн. (7 назв.) и в тексте
461 #0 - УРОВЕНЬ НАБОРА
Встроенное поле 001RU\NLR\BIBL_A\010703923
-- 2000#$aФедеральные номативные документы и методические рекомендации по организации офтальмологической помощи взрослому населению$eучебное пособие для врачей$fГос. бюджет. образоват. учреждение доп. проф. образования "Каз. гос. мед. акад." М-ва здравоохранения Рос. Федерации$vЧ. 2
Системный номер (АБИС) связанной записи 9733714
Место публикации Москва
Дата публикации 2015
Первые сведения об ответственности Гос. бюджет. образоват. учреждение доп. проф. образования "Каз. гос. мед. акад." М-ва здравоохранения Рос. Федерации
Имя издателя, распространителя и т.д. Умный доктор
Сведения, относящиеся к заглавию учебное пособие для врачей
Заглавие Федеральные номативные документы и методические рекомендации по организации офтальмологической помощи взрослому населению
Номер тома Ч. 2
606 1# - НАИМЕНОВАНИЕ ТЕМЫ КАК ПРЕДМЕТ
Наименование темы Диспансеризация
Формальный подзаголовок Учебные издания для последипломного образования
Географический подзаголовок Российская Федерация
Системный номер авторитетной/нормативной записи 2449369
Идентификатор авторитетной/нормативной записи RU\NLR\AUTH\661456433
606 1# - НАИМЕНОВАНИЕ ТЕМЫ КАК ПРЕДМЕТ
Наименование темы Медицинские осмотры
Формальный подзаголовок Учебные издания для последипломного образования
Тематический подзаголовок Организация
Географический подзаголовок Российская Федерация
Системный номер авторитетной/нормативной записи 2220962
Идентификатор авторитетной/нормативной записи RU\NLR\AUTH\6601566781
686 1# - ИНДЕКСЫ ДРУГИХ КЛАССИФИКАЦИЙ
Индекс Р11(2)20я77
942 ## - ДОПОЛНИТЕЛЬНЫЕ ЭЛЕМЕНТЫ ЗАПИСИ (АБИС)
Тип экземпляра АБИС Книга
980 ## - КОЛЛЕКЦИЯ
Название коллекции Национальная библиография
Экземпляры
Тип экземпляра Дата поступления Источник поступления Стоимость Библиотека постоянного хранения Библиотека текущего хранения Место хранения Шифр хранения Штрих-код Статус не для выдачи
Книга 16.03.2015 Обязательный экземпляр 0.00 РНБ (Московский) РНБ (Московский) Русский книжный фонд: издания с 1957 года, 9этаж 2015-4/2237 1-879404  
Книга 16.03.2015 Обязательный экземпляр 0.00 РНБ (Московский) РНБ (Московский) Русский книжный фонд: издания с 1957 года, 9этаж 2015-4/2237 1-879382